000 00902nas a2200289 4500
001 BR9605453
003 BR-BrBNA
005 20231205095408.0
007 ta
008 230509b bl.|||p| |||| 00| 00por d
040 _aBR-BrBNA
_bpor
_cBiblioteca Nacional de Agricultura
041 _a(Pt)
072 _aH20
100 1 _aPeixoto, A.R.
100 1 _aMariano, R.L.R.
100 1 _aMichereff, S.J.
100 1 _aOliveira, S.M.A. de
245 1 _aAcao antagonica de Pseudomonas aeruginosa a Pseudomonas solanacearum e efeito no desenvolvimento de plantulas de tomate
650 _aTomate
650 _aMurcha Bacteriana
650 _aPlantula
650 _aCrescimento
650 _aControle Biologico
773 0 _tSumma Phytopathologica (Brazil)
_xISSN 0100-5405
_g(Jul-Dec 1995), v. 21(3-4) p. 219-224
_wBR9605453
909 _a202311
_bLúcia
_c55
_dLúcia Elande
942 _2AGRIS
_n0
_cANA
999 _c150414
_d150414